000 00220nam a2200097Ia 4500
008 240331s9999 xx 000 0 und d
082 _a294.3
_bBUD
100 _aBurlingame, E.W. tr.
245 0 _aBuddhist parables
942 _cL
999 _c932
_d932